Freeze frame : (Record no. 17)

MARC details
000 -LEADER
fixed length control field 01954cam a22004094a 4500
005 - DATE AND TIME OF LATEST TRANSACTION
control field 20260322212003.0
008 - FIXED-LENGTH DATA ELEMENTS--GENERAL INFORMATION
fixed length control field data
010 ## - LIBRARY OF CONGRESS CONTROL NUMBER
LC control number 2005012948
015 ## - NATIONAL BIBLIOGRAPHY NUMBER
National bibliography number GBA598696
Source bnb
016 7# - NATIONAL BIBLIOGRAPHIC AGENCY CONTROL NUMBER
Record control number 013342725
Source Uk
020 ## - INTERNATIONAL STANDARD BOOK NUMBER
International Standard Book Number 0792278879 (hardcover) :
Terms of availability {dollar}18.95
020 ## - INTERNATIONAL STANDARD BOOK NUMBER
International Standard Book Number 0792278887
020 ## - INTERNATIONAL STANDARD BOOK NUMBER
International Standard Book Number 9780792278870
020 ## - INTERNATIONAL STANDARD BOOK NUMBER
International Standard Book Number 9780792278887
037 ## - SOURCE OF ACQUISITION
Source of stock number/acquisition Junior Library Guild
Note http://www.juniorlibraryguild.com
040 ## - CATALOGING SOURCE
Original cataloging agency DLC
Transcribing agency DLC
Modifying agency DLC
-- TEF
-- UKM
-- DLC
042 ## - AUTHENTICATION CODE
Authentication code lcac
-- lcac
050 00 - LIBRARY OF CONGRESS CALL NUMBER
Classification number GV841.5
Item number .M33 2006
082 00 - DEWEY DECIMAL CLASSIFICATION NUMBER
Classification number 796.98
Edition information 22
092 ## - LOCALLY ASSIGNED DEWEY CALL NUMBER (OCLC)
Classification number 796.98 Mac 2006
001 - CONTROL NUMBER
control field data
100 1# - MAIN ENTRY--PERSONAL NAME
Personal name Macy, Sue.
245 10 - TITLE STATEMENT
Title Freeze frame :
Remainder of title a photographic history of the Winter Olympics /
Statement of responsibility, etc. Sue Macy.
260 ## - PUBLICATION, DISTRIBUTION, ETC.
Place of publication, distribution, etc. Washington, D.C. :
Name of publisher, distributor, etc. National Geographic,
Date of publication, distribution, etc. c2006.
300 ## - PHYSICAL DESCRIPTION
Extent 96 p. :
Other physical details ill. (some col.), map ;
Dimensions 29 cm.
504 ## - BIBLIOGRAPHY, ETC. NOTE
Bibliography, etc. note Includes bibliographical references (p. 92) and index.
520 ## - SUMMARY, ETC.
Summary, etc. Highlights in the history of the Winter Olympics from their inception in 1924 to today, including profiles of the Olympic athletes and information on the lesser-known winter sports. Also includes an Olympic almanac with information about each Olympiad.
526 0# - STUDY PROGRAM INFORMATION NOTE
Program name Accelerated Reader/Renaissance Learning
Interest level MG
Reading level 8.6
Title point value 3
586 8# - AWARDS NOTE
Awards note A Junior Library Guild selection.
650 #0 - SUBJECT ADDED ENTRY--TOPICAL TERM
Topical term or geographic name entry element Winter Olympics
General subdivision History
Form subdivision Juvenile literature.
650 #0 - SUBJECT ADDED ENTRY--TOPICAL TERM
Topical term or geographic name entry element Winter Olympics
General subdivision History
Form subdivision Juvenile literature.
-- Juvenile literature.
650 #1 - SUBJECT ADDED ENTRY--TOPICAL TERM
Topical term or geographic name entry element Winter Olympics
General subdivision History.
650 #1 - SUBJECT ADDED ENTRY--TOPICAL TERM
Topical term or geographic name entry element Winter Olympics
General subdivision History
Form subdivision Pictorial works.
856 41 - ELECTRONIC LOCATION AND ACCESS
Materials specified Table of contents only
Uniform Resource Identifier <a href="http://www.loc.gov/catdir/toc/ecip0512/2005012948.html">http://www.loc.gov/catdir/toc/ecip0512/2005012948.html</a>
856 42 - ELECTRONIC LOCATION AND ACCESS
Materials specified Contributor biographical information
Uniform Resource Identifier <a href="http://www.loc.gov/catdir/enhancements/fy0622/2005012948-b.html">http://www.loc.gov/catdir/enhancements/fy0622/2005012948-b.html</a>
856 42 - ELECTRONIC LOCATION AND ACCESS
Materials specified Publisher description
Uniform Resource Identifier <a href="http://www.loc.gov/catdir/enhancements/fy0622/2005012948-d.html">http://www.loc.gov/catdir/enhancements/fy0622/2005012948-d.html</a>
Holdings
Withdrawn status Lost status Damaged status Not for loan Home library Current library Shelving location Date acquired Total checkouts Full call number Barcode Date last seen Price effective from Koha item type
        Fairview Fairview General stacks 22/03/2026   796.98 22 BC0010017 22/03/2026 22/03/2026 Books